[Event "Africa-ch U20"]
[Site "Bejaia"]
[Date "2022.11.19"]
[Round "9"]
[White "Junior, Domingos"]
[Black "Karsten, Jan"]
[Result "1/2-1/2"]
[WhiteElo "2072"]
[BlackElo "2058"]
[PlyCount "47"]
[EventDate "2022.11.13"]
[EventType "swiss"]
[EventRounds "9"]
[EventCountry "ALG"]
[SourceTitle "CBM 211 Extra"]
[Source "ChessBase"]
[SourceDate "2023.01.31"]
[SourceVersion "1"]
[SourceVersionDate "2023.01.31"]
[SourceQuality "1"]

1. e4 c5 2. Nf3 d6 3. d4 cxd4 4. Nxd4 Nf6 5. Nc3 a6 6. Bg5 e6 7. f4 Be7 8. Qf3 Qc7 9. 0-0-0 Nbd7 10. Bd3 b5 11. Rhe1 Bb7 12. Nd5 exd5 13. exd5 Kf8 14. Nf5 Bd8 15. Qg3 Rg8 16. Nxg7 Rxg7 17. Bh6 Nh5 18. Qe3 Bf6 19. g4 Qa5 20. g5 Bxb2+ 21. Kxb2 Qb4+ 22. Ka1 Qc3+ 23. Kb1 Qb4+ 24. Ka1 1/2-1/2

[Event "Olympiad-44"]
[Site "Chennai"]
[Date "2022.08.05"]
[Round "7.3"]
[White "Junior, Domingos"]
[Black "Salim Issa, Ali Shamas"]
[Result "1-0"]
[WhiteElo "2107"]
[BlackElo "1851"]
[PlyCount "67"]
[EventDate "2022.07.29"]
[EventType "team-swiss"]
[EventRounds "11"]
[EventCountry "IND"]
[SourceTitle "CBM 210"]
[Source "ChessBase"]
[SourceDate "2022.10.31"]
[SourceVersion "1"]
[SourceVersionDate "2022.10.31"]
[SourceQuality "1"]
[WhiteTeam "Angola"]
[BlackTeam "Oman"]
[WhiteTeamCountry "ANG"]
[BlackTeamCountry "OMN"]

1. e4 c5 2. Nf3 d6 3. d4 cxd4 4. Nxd4 Nf6 5. Nc3 g6 6. Bc4 Bg7 7. f3 Nc6 8. Be3 Bd7 9. Qd2 a6 10. 0-0-0 Na5 11. Bb3 Qc7 12. g4 Rc8 13. Kb1 b5 14. g5 Nh5 15. Nd5 Qd8 16. Ne2 Nc4 17. Bxc4 Rxc4 18. b3 Rc6 19. Ng3 Nxg3 20. hxg3 a5 21. Bd4 e5 22. Bc3 b4 23. Bb2 Be6 24. f4 Kf8 25. Ne3 exf4 26. Bxg7+ Kxg7 27. Qd4+ f6 28. gxf4 a4 29. f5 Bf7 30. Ng4 gxf5 31. Nxf6 Bg6 32. Nh5+ Kf7 33. Qg7+ Ke6 34. Nf4# 1-0

[Event "Online Olym Div2 D"]
[Site "Chess.com INT"]
[Date "2021.09.03"]
[Round "6.5"]
[White "Junior, Domingos"]
[Black "Escalona Landi, Samid Eduardo"]
[Result "0-1"]
[WhiteElo "2118"]
[BlackElo "2122"]
[PlyCount "100"]
[EventDate "2021.09.02"]
[EventType "team (rapid)"]
[EventRounds "9"]
[EventCountry "USA"]
[SourceTitle "CBM 204 Extra"]
[Source "ChessBase"]
[SourceDate "2021.11.30"]
[SourceVersion "1"]
[SourceVersionDate "2021.11.30"]
[SourceQuality "1"]
[WhiteTeam "Angola"]
[BlackTeam "Venezuela"]
[WhiteTeamCountry "ANG"]
[BlackTeamCountry "VEN"]

1. e4 c5 2. Nf3 d6 3. d4 cxd4 4. Nxd4 Nf6 5. Nc3 g6 6. Be2 Bg7 7. Be3 0-0 8. f3 Nc6 9. Qd2 Bd7 10. 0-0-0 Rc8 11. g4 Ne5 12. h4 h5 13. Bh6 Bxh6 14. Qxh6 Rxc3 15. bxc3 Qc7 16. Qe3 hxg4 17. h5 Rc8 18. hxg6 Nxg6 19. c4 Qc5 20. f4 e5 21. fxe5 dxe5 22. Nf5 Bxf5 23. Qxc5 Rxc5 24. exf5 Nf4 25. Rh2 e4 26. Bxg4 Rxc4 27. Be2 Rc5 28. Rf1 N4d5 29. Rg1+ Kf8 30. Bd1 Ne3 31. Re2 Nxf5 32. Rg5 Ke7 33. Rf2 Ke6 34. Kb2 b6 35. c3 Ne3 36. Bb3+ Ke7 37. Rxc5 bxc5 38. Re2 Nfg4 39. Bc2 f5 40. Kb3 Kd6 41. Rd2+ Ke5 42. Bd1 Nf6 43. Ka4 Nfd5 44. Kb3 c4+ 45. Kb2 f4 46. Ba4 f3 47. Bb5 Nf4 48. Kc1 Nd3+ 49. Kb1 f2 50. Rxf2 Nxf2 0-1

[Event "Online Olym Div2 D"]
[Site "Chess.com INT"]
[Date "2021.09.02"]
[Round "1.3"]
[White "Junior, Domingos"]
[Black "Khumalo, Keith"]
[Result "1-0"]
[WhiteElo "2118"]
[BlackElo "2108"]
[PlyCount "95"]
[EventDate "2021.09.02"]
[EventType "team (rapid)"]
[EventRounds "9"]
[EventCountry "USA"]
[SourceTitle "CBM 204 Extra"]
[Source "ChessBase"]
[SourceDate "2021.11.30"]
[SourceVersion "1"]
[SourceVersionDate "2021.11.30"]
[SourceQuality "1"]
[WhiteTeam "Angola"]
[BlackTeam "South Africa"]
[WhiteTeamCountry "ANG"]
[BlackTeamCountry "RSA"]

1. e4 c5 2. Nf3 e6 3. d4 cxd4 4. Nxd4 a6 5. c4 Nf6 6. Bd3 Qc7 7. Nc2 Nc6 8. f4 d6 9. Nc3 Be7 10. Be3 0-0 11. Qe2 Nd7 12. 0-0-0 Qa5 13. Nd4 Nc5 14. Bb1 Bf6 15. e5 Nxd4 16. Bxd4 dxe5 17. fxe5 Bg5+ 18. Be3 Bxe3+ 19. Qxe3 g6 20. h4 Nd7 21. Rde1 Qc5 22. Qf4 f6 23. Qh6 Nxe5 24. h5 Nf7 25. Qf4 Qg5 26. Qxg5 Nxg5 27. hxg6 hxg6 28. Bxg6 Kg7 29. Bc2 f5 30. Na4 Bd7 31. Nc5 Rf7 32. Nxb7 Bc6 33. Nd6 Rd7 34. c5 Rh8 35. Rxh8 Kxh8 36. b4 Kg7 37. a4 Kf6 38. Re2 Bd5 39. Kb2 Nf7 40. Nxf7 Rxf7 41. Bb3 Rb7 42. Bxd5 exd5 43. Kc3 f4 44. Re8 Kf5 45. c6 Rb6 46. Rc8 Ke4 47. a5 Rb5 48. c7 1-0

[Event "Online Olym Div4 C"]
[Site "Chess.com INT"]
[Date "2021.08.22"]
[Round "9.6"]
[White "Rousis, Chrysostomos"]
[Black "Junior, Domingos"]
[Result "0-1"]
[WhiteElo "1775"]
[BlackElo "2134"]
[PlyCount "146"]
[EventDate "2021.08.20"]
[EventType "team (rapid)"]
[EventRounds "11"]
[EventCountry "USA"]
[SourceTitle "CBM 203 Extra"]
[Source "ChessBase"]
[SourceDate "2021.09.30"]
[SourceVersion "1"]
[SourceVersionDate "2021.09.30"]
[SourceQuality "1"]
[WhiteTeam "Cyprus"]
[BlackTeam "Angola"]
[WhiteTeamCountry "CYP"]
[BlackTeamCountry "ANG"]

1. e4 c6 2. d4 d5 3. Nc3 dxe4 4. Nxe4 Nd7 5. Nf3 Ngf6 6. Ng3 e6 7. Bd3 Bd6 8. 0-0 Qc7 9. Qe2 0-0 10. c4 b6 11. b3 Bb7 12. Bb2 Rad8 13. Ne5 c5 14. Nxd7 Qxd7 15. d5 Be7 16. Rfe1 Rfe8 17. Be5 exd5 18. Bf5 Qc6 19. Qf3 dxc4 20. Ne4 Ba8 21. bxc4 Nxe4 22. Bxe4 Qh6 23. Bxa8 Rxa8 24. Rad1 Bf8 25. Rd7 Qe6 26. Qd5 Qxd5 27. Rxd5 Rad8 28. Red1 Rxd5 29. Rxd5 f6 30. Bc3 Re4 31. g3 Rxc4 32. Bd2 Rd4 33. Rxd4 cxd4 34. f3 Kf7 35. Kf1 Ke6 36. Ke2 Kd5 37. Kd3 a5 38. Bf4 a4 39. Bc7 b5 40. h3 b4 41. Bb6 Bc5 42. Ba5 b3 43. axb3 axb3 44. Bd2 b2 45. Kc2 Ba3 46. Be1 Kc4 47. Ba5 d3+ 48. Kb1 Bb4 49. Bxb4 Kxb4 50. Kxb2 Kc4 51. Kc1 Kc3 52. Kd1 d2 53. f4 Kd3 54. g4 Ke3 55. f5 Kd3 56. h4 Ke3 57. g5 h6 58. gxh6 gxh6 59. h5 Kf4 60. Kxd2 Kxf5 61. Ke3 Kg4 62. Kf2 Kf4 63. Kg2 Ke3 64. Kf1 f5 65. Ke1 f4 66. Kf1 Kf3 67. Kg1 Ke2 68. Kg2 f3+ 69. Kg1 f2+ 70. Kh1 f1Q+ 71. Kh2 Qf4+ 72. Kh1 Qg5 73. Kh2 Kf2 0-1